Quizzes
Events
Quiz Creation
Community
Videos
Private Events
Remove Ads
Sign In
Join for FREE
Feedback
Dark Mode
Quiz Categories
Sports
Geography
Music
Movies
Television
Just For Fun
Miscellaneous
History
Literature
Language
Science
Gaming
Entertainment
Religion
Holiday
For Kids
Quiz Lab
Recent
Popular Today
Quiz Kudos Today
Editor Picks
Curator Picks
Quizzes by...
Day
Popularity
Type
Ratings
Length
Year
Community
Subscriptions
Recent Discussions
Orange Saloon
Badges
Playlists
Quests
Create
Leaderboards
Showdown
Live 5
Trivia Bingo
Activity
Puzzle Library
Sporcle Events
Private Events
Virtual Trivia
Globe League
Become a Host
Pub Owners
SporcleCon
Opinionation
Our Games
Videos
Blog
Mobile Apps
Partnerships
Remove Ads and Go Orange
Feedback
Miscellaneous
Crossword
General Knowledge
Baby Names
Logo
Food
Cars
Numbers
Grab Bag
University
College
Popular
Company
Slogans
Restaurants
Justice
Letter
Miscellaneous
Crossword
General Knowledge
Baby Names
Logo
Food
Cars
Numbers
Grab Bag
University
College
Popular
Company
Slogans
Restaurants
Justice
Letter
Random Quiz
Search Sporcle
×
Quiz Lab
Quiz Lab
Miscellaneous
Nintendo
Type in answers that appear in a list
Type in answers that appear in a list
Classic
Best Score? Go Orange.
Business Law Midterm (2) Stats
Can you name the Business Law Key Terms(Ch. 6-9)?
By
cdurg7791
15m
66 Questions
13 Plays
13 Plays
13 Plays
Comments
Comments
Give Quiz Kudos
Give Quiz Kudos
-
- Ratings
hide this ad
Forced Order
Answers have to be entered in order
Answers have to be entered in order
Random Order
Randomize order of answers
Randomize order of answers
Replay
Link that replays current quiz
Next Quiz
Link to next quiz in quiz playlist
You Got
0%
They Got
Avg Score
24%
Avg Friend Score
Upgrade to see
Score Distribution
Jump to the score distribution portion of the page
Score
0/66
Timer
15:00
0
Plays Today
Definition
Term
% Correct
Constitutional protection against self-
incrimination that guarantees due process
Fifth Amendment
46.2%
Criminal offense with sentence of less than one year that is neither treason or a felony
Misdemeanor
46.2%
Intentional detention of a person without that persons consent
False Imprisonment
46.2%
Written or visual defamation without legal justification
Libel
46.2%
Defamation of character by spoker words or gestures
Slander
46.2%
The law governing administrative agencies
Administrative Law
38.5%
Agreement between two or more persons to commit an unlawful act
Conspiracy
38.5%
Statuatory offense consisting of the unlawful conversion of property entrusted to the wrongdoer
Embezzlement
38.5%
Criminal offense that is punishable by at least one year in prison or that is expressly stated by statute to be a felony
Felony
38.5%
Privacy protection in the U.S. constitution that prohibits unautrhorized searches and seizures
Fourth Amendment
38.5%
Warnings required to prevent self-
incrimination in a criminal matter
Miranda warnings
38.5%
Federal law, initially targeting organized crime, that has expanded in scope and provides penalties and civil recovery for multiple criminal offenses, or a pattern of racketeering
Racketeer Influenced and Corrupt Organizations Act
38.5%
Judicial authorization for a search of property where there is the expectation of privacy
Search Warrant
38.5%
Guarantees a speedy trial
Sixth Amendment
38.5%
Crimes that do not use nor threaten to use force or violence or do not cause injury to persons or property
White Collar Crime
38.5%
Untrue Statement by one party about another to a third party
Defamation
38.5%
Failure to exercise due care under the cirsumstances in consequence of which harm if proximately caused to one to whom the defendant owed a duty to exercise due care
Negligence
38.5%
Government body charged with administering and implementing legislation
Administrative agency
30.8%
Provides that proposed administrative regulation be published in the Federal Register
Federal Register Act
30.8%
Govt. publication published 5 days a week that lists all administrative regulations, presidential proclamations and executive orders
Federal Register
30.8%
Direct sale to customers in foreign countries
Export Sale
30.8%
A person or firm with authority to make contracts on behalf of another
Agent
30.8%
person or firm who employs an agent who is primarily liable to the third person or creditor
Principal
30.8%
Takes title to goods and bears the financial and commercial risks for the subsequent sale
Distributor
30.8%
Involves transfer of technology rights in a product so that it may be produced by a different business organization in a foreign country in exchange for royalties and other payment
Licensing
30.8%
two firms agree to perform different functions for a common result(governed by contract)
Joint Venture
30.8%
Extortion demands made by a nonpublic official
Blackmail
30.8%
Wrongs committed using a computer or with knowledge of computers
Computer crime
30.8%
Constitutional right to be heard, question witnesses and present evidence
Due Process
30.8%
Illegal demand by a public office acting with apparant authority
Extortion
30.8%
Negligence of the plaintiff that contributed to injury and at common law bars recovery from the defendant although the defendant may have been more negligent that the plaintiff
Contributory Negligence
30.8%
When services are not properly rendered in accordance with commonly accepted standards, negligence by a professional in performing his or her skill
Malpractice
30.8%
Civil wrong for which there is absolute liability because of the inherent danger in the underlying activity(use of explosives)
Strict liability
30.8%
Definition
Term
% Correct
Civil wrong that interferes with one's property or person
Tort
30.8%
Written defamation about a product or service
Trade Libel
30.8%
A provision deciding which country's laws will apply when an international contract is formed
Choice of law clause
23.1%
Commercial device used to guarantee payment to a seller in an international transaction
Letter of Credit
23.1%
General agreement on tariffs and trade(trade without discrimination and protection through tariffs)
GATT
23.1%
Involves granting permission to use a trademark, trade name or copyright under specified conditions
Franchising
23.1%
Violation of the law that is punished as an offense against the state or government
Crime
23.1%
Tort in which a third party interferes with others' freedom on contracts
Contract Interference
23.1%
Tort of intentional intrusion into the private affairs of another
Invasion of Privacy
23.1%
Federal govt. requires most meeting of major administrative agencies be open to the public
Open meeting Act
15.4%
Negotiated disposition of a matter before an administrative agency, generally without public sanctions
Informal Settlements
15.4%
Federal Law that makes it a felony to copy, download, transmit, or in any way transfer proprietary files, documents and information from a computer to an unauthorized person
Economic Espionage Act
15.4%
Legal payments to speed up or ensure performance of normal government duties
Facilitation Payments
15.4%
Federal standards used by judges in determining mandatory sentence terms for those convicted of federal crimes
Federal Sentencing Guidelines
15.4%
Fraudulently making or altering an instrument that apparently creates or alters a legal liability of a document
Forgery
15.4%
Complete defense against the tort of defamation, as in the speeches of members of Congress on the floor and witnesses in a trial
Absolute Privilege
15.4%
Civil wrong that results from intentional conduct
Intential Tort
15.4%
False statements made about a product or business
Product Disparagement
15.4%
Media privilege to print inaccurate information without liability for defamation so long as a retraction was printed and there was no malice
Qualified Privilege
15.4%
Right of a storeowner to detain a suspected shoplifter based on reasonable cause and for a reasonable time without resulting liability for false imprisonment
Shopkeeper's Privilege
15.4%
Malicious making of false statements as to a seller's title
Slander of title
15.4%
An unauthorized action with respect to person or property
Trespass
15.4%
Provides that information contained in records of federal administrative agencies is available to citizens on proper request
Freedom of Information Act
7.7%
Clause whereby any privilige subsequently granted to a third countryin relation to a given treaty subject is extented to the other party to the treaty.
Most favored nation clause
7.7%
Federal reforms passed as a result of the collapses of companies such as Enron, provides for longer sentences and higher fines for both executives and companies
White Collar Crime Penalty Enhancement Act of 2002
7.7%
Federal law that establishes the operating rules for administrative agencies
Administrative Procedure Act
0%
Order issued by a court or administrative agency to stop a practice that it decides impropoer
Ceast and desist order
0%
Informal settlements of enforcement actions brought by agencies
Consent Decrees
0%
Requirement that an agency make its final decision before the parties go to court
Exhaustion of Administrative agencies
0%
Used so that countries can borrow money from other IMF members to permit that country to maintain the stability of its currencys relationship to other world countries
Special Drawing Rights
0%
Federal Law that makes it a felony to influence decisions makers in other countries for the purpose of obtaining business(contracts for sales or service)
Foreign Corrupt Practices Act
0%
Qualifying underlying offense for RICO liability
Predicate Act
0%
Tort that produces mental anguish caused by conduct that exceed all bounds of decency
Intentional Infliction of Emotional Distress
0%
Quiz Playlist
Details
Report
Send in Message
Add To Playlist
Classic:
Type in answers that appear in a list
Forced Order:
Answers have to be entered in order
Random Order:
Randomize order of answers
Last Updated: Feb 16, 2017
Quiz Scoreboard
CHALLENGE
Sign Up to Join the Scoreboard
Show All
Scores
Hide
Comments
May contain spoilers
Recently Published
Popular People in 1961
by mucciniale
History
6m
1-10 Letter E Words III
by El_Dandy
Language
2m
One Thing in Common: World Cities II
by knightlancer
Geography
7m
More to Explore
Quiz From the Vault
Featured Blog Post
Where Did the Easter Bunny Come From?
hide this ad
You Might Also Like...
Tags
Nintendo Quiz
Law
Today's Top Quizzes in Miscellaneous
Browse Miscellaneous
hide this ad
Today's Top Quizzes in Nintendo
Browse Nintendo
Top Contributed Quizzes in Miscellaneous
1
The JOE quick-fire general knowledge quiz: Day 173
2
The JOE quick-fire general knowledge quiz: Day 172
3
Sunday Crossword: Famous Bodies of Water
4
The JOE quick-fire general knowledge quiz: Day 171
5
One Thing in Common: United Kingdom II
6
Named After an Animal - Odd One Out!
7
sort kpop groups by number of members
8
The JOE quick-fire quiz: Day 170
9
Sunday Crossword: Themeless #5
10
Lays Potato Chip Flavour Contest Finalists
Explore More
Trending Topics
NBA
Harry Potter
Anime
Marvel
Crossword
Disney
Kpop
Song
The Office
Soccer
Puzzle
WWE
Country
NFL
Pokémon
hide this ad
More By:
cdurg7791
Quiz
Plays
Rating
Category
Featured
Created
Basic Finance Exam 1
606
4.00
Miscellaneous
Oct 12, 2011
Computer Management Final
94
5.00
Miscellaneous
Mar 10, 2010
Law Final Key Terms
33
Miscellaneous
Dec 18, 2010
Financial Accounting Ratios
28
Miscellaneous
Nov 17, 2010
Business Law Midterm
22
Miscellaneous
Oct 19, 2010
Go to Creator's Profile
Score Distribution
Quiz Creator Spotlight
cdurg7791
Follow
Send a Message
Quizzes Created
-
Created Quiz Play Count
-
More By This Creator
Popular Quizzes Today
1
Find the US States - No Outlines Minefield
2
Find the Countries of Europe - No Outlines Minefield
3
The Countries of the World
4
Popular People in 1961
5
1-10 Letter E Words III
6
Find the US States
7
One Thing in Common: World Cities II
8
US States
More Miscellaneous Quizzes
Sunday Crossword: Blast Off!
Quiz Lab
Trending Quizzes
Risky Map Clicking: Least Populous States A-Z
1-10 Letter F Words
1-10 Letter G Words
One Thing in Common: United Kingdom
Risky Map Clicking: Next State Alphabetically
Recently Updated
Leaping Animals
pecheneg
Reality TV Shows (A-Z)
bhenderson79
Rickey Henderson's Hall of Fame Teammates
pecheneg
Champions League XIs: Arsenal
pecheneg
Quick Pick: Celebrities in WWE's Hall of Fame
aduchscher
A-Z Keypad Blitz II
pecheneg
Multiple Oscar Actors
pecheneg
Mystery Phrase Blitz: Oscar 'Best Actors'
pecheneg
F. Scott Fitzgerald Novels
LTH
Pick 3 Villains
ddd62291
Trending Topics
Marvel
NBA
Kpop
Anime
Crossword
Harry Potter
Disney
Country
Puzzle
NFL
Song
Pokémon
Soccer
The Office
WWE
Your Account Isn't Verified!
In order to create a playlist on Sporcle, you need to verify the email address you used during registration. Go to your
Sporcle Settings
to finish the process.
Report this User
Report this user for behavior that violates our
Community Guidelines
.
Details:
Send Report
Go to the Sporcle.com Mobile Site →
Comments